01005nam a2200217 i 4500001000700000003000900007005001700016007000300033008004100036100003800077245026400115260003200379300004600411650002600457700003200483700004400515700005800559852003100617999001900648952012000667136588ES-MaACL20251001143817.0t|070214s1954 sp r ||||1| spa d1 aRussell, Edward J. cSir.910103814aLas condiciones del suelo y el desarrollo de las plantas / cpor Sir E. John Russell y E. Walter Russell ; traducción de la 8ª edición inglesa y nota preliminar por Gaspar González y González ; con prólogo del Excmo. Sr. D. José María Albareda. aMadrid : bAguilar, c1954. aXXIV, 770 p., 1 lám. : bil. ; c22 cm.04aEdafología.91359521 aRussell, E. Walter.91010401 aGonzález y González, Gaspar.9590331 aAlbareda Herrera, José María, d1902-19669157514 aES-MaACLjC-8511 bR.36453 c136588d136588 00104070aATENEOMbATENEOMcSPALd2008-01-17eSCl0oC-8511p1142150r2023-02-23 00:00:00w2023-02-23yMONOGRAFIA